000 01597nam0a22003011 4500
001 v19\rc\1426501
005 20260406140129.0
035 _a(NLR Aleph) 005225115
090 _a5546180
_c5546180
100 _a20060620d1849 |||y0rusy50 ca
101 0 _arus
102 _aRU
105 _ach c ||||b
200 1 _aИзбранные сочинения В.К. Тредиаковского
_eС его портр., fac-simile, биогр., с статьей об его соч. изд., и с указ. статей о Тредиаковском, напеч. в разных период. и др. изд. [сост. П.П. Перевлесским]
210 _aМосква
_cУнив. тип.
_d1849
215 _aCXXII, 147 с., 1 л. фронт. (портр.), 1 л. факс
_d15
225 1 _aСобрание сочинений известнейших русских писателей
_fИзд. П. Перевлесского
_vВып. 3
532 1 0 _aИзбранные сочинения Василия Кирилловича Тредиаковского
700 1 _7ca
_8rus
_aТредиаковский
_bВ. К.
_f1703-1768
_gВасилий Кириллович
_9112869
_3RU\NLR\AUTH\772862
702 1 _4220
_7ca
_8rus
_aПеревлесский
_bП. М.
_f1815-1866
_gПетр Миронович
_988404
_3RU\NLR\AUTH\77105479
801 0 _aRU
_bNLR
_c20060620
_gpsbo
801 0 _aRU
_bRuMoRGB
_c20060620
_2psbo
801 1 _aRU
_bProSoft-M
_c20060620
_2rusmarc
801 2 _aRU
_bNLR
_c20121206
_2rusmarc
852 _aNLR
_j18.212.6.40
852 _aNLR
_j128/3470
942 _cBOOK
980 _aNB